[Event "POL-chT 2nd League"]
[Site "Jastrzebia Gora"]
[Date "2023.09.07"]
[Round "6.24"]
[White "Budkiewicz, Magdalena"]
[Black "Baginskaite, Camilla"]
[Result "0-1"]
[WhiteElo "1762"]
[BlackElo "2097"]
[PlyCount "110"]
[EventDate "2023.09.02"]
[EventType "team-swiss"]
[EventRounds "9"]
[EventCountry "POL"]
[SourceTitle "EXT 2024"]
[Source "ChessBase"]
[SourceDate "2023.10.10"]
[SourceVersion "1"]
[SourceVersionDate "2023.10.10"]
[SourceQuality "1"]
[WhiteTeam "Legnica Miedz"]
[BlackTeam "Lipusz WDA"]
[WhiteTeamCountry "POL"]
[BlackTeamCountry "POL"]

1. e4 c5 2. Nf3 d6 3. d4 cxd4 4. Nxd4 Nf6 5. Nc3 a6 6. Be2 e5 7. Nb3 Be7 8. Bg5 Nbd7 9. a4 b6 10. Nd2 Bb7 11. Nc4 h6 12. Bh4 g5 13. Bg3 Nxe4 14. Nxe4 Bxe4 15. Nxd6+ Bxd6 16. Qxd6 Qe7 17. 0-0-0 Rc8 18. Qxe7+ Kxe7 19. Bd3 Bxd3 20. Rxd3 Nc5 21. Rd5 f6 22. Rhd1 Rc7 23. f3 Rhc8 24. c3 Nxa4 25. Bf2 h5 26. Rd6 Rb7 27. h4 g4 28. fxg4 hxg4 29. h5 Rh8 30. Bh4 Rh6 31. Rxf6 Rxf6 32. Rf1 Nc5 33. Rxf6 Ne6 34. Rf5+ Kd6 35. Bg3 Nc5 36. Kc2 Ne4 37. Bh4 Ke6 38. Rf8 Rh7 39. Re8+ Kd5 40. Rg8 Rxh5 41. Rxg4 b5 42. b3 Rf5 43. Be7 a5 44. Bd8 Rf2+ 45. Kd3 Nc5+ 46. Ke3 Rf4 47. Rxf4 exf4+ 48. Kf3 Nxb3 49. Kxf4 a4 50. c4+ Kxc4 51. Bf6 a3 52. g4 Nd4 53. Ke3 b4 54. Bxd4 b3 55. Bf6 b2 0-1

[Event "LTU-ch Rapid"]
[Site "Taujenai"]
[Date "2022.12.03"]
[Round "1"]
[White "Dobrovolskis, Vincentas"]
[Black "Baginskaite, Camilla"]
[Result "0-1"]
[WhiteElo "1464"]
[BlackElo "2136"]
[PlyCount "46"]
[EventDate "2022.12.03"]
[EventType "swiss (rapid)"]
[EventRounds "10"]
[EventCountry "LTU"]
[SourceTitle "CBM 211 Extra"]
[Source "ChessBase"]
[SourceDate "2023.01.31"]
[SourceVersion "1"]
[SourceVersionDate "2023.01.31"]
[SourceQuality "1"]

1. d4 Nf6 2. c4 e6 3. Nc3 Bb4 4. Bd2 0-0 5. e3 c5 6. Nf3 cxd4 7. Nxd4 e5 8. Nf3 e4 9. Nd4 Re8 10. Be2 Nc6 11. Nxc6 dxc6 12. Qc2 Qe7 13. 0-0 Bd6 14. Rfd1 Qe5 15. g3 Bg4 16. Be1 Rad8 17. a3 Qh5 18. h4 g5 19. hxg5 Bxe2 20. Qxe2 Ng4 21. Qc2 Qh2+ 22. Kf1 Nxe3+ 23. fxe3 Qxc2 0-1

[Event "LTU-ch Rapid"]
[Site "Taujenai"]
[Date "2022.12.03"]
[Round "5"]
[White "Simkunaite, Gabija"]
[Black "Baginskaite, Camilla"]
[Result "1/2-1/2"]
[WhiteElo "1920"]
[BlackElo "2136"]
[PlyCount "46"]
[EventDate "2022.12.03"]
[EventType "swiss (rapid)"]
[EventRounds "10"]
[EventCountry "LTU"]
[SourceTitle "CBM 211 Extra"]
[Source "ChessBase"]
[SourceDate "2023.01.31"]
[SourceVersion "1"]
[SourceVersionDate "2023.01.31"]
[SourceQuality "1"]

1. e4 c5 2. Nf3 d6 3. Bb5+ Nc6 4. 0-0 Bd7 5. Re1 a6 6. Bf1 Bg4 7. d3 Nf6 8. Be3 e5 9. Nbd2 Be7 10. c3 0-0 11. h3 Bh5 12. Be2 d5 13. exd5 Nxd5 14. Nc4 Qc7 15. Bc1 Bg6 16. Ncxe5 Nxe5 17. Nxe5 Qxe5 18. Bf3 Qd6 19. Bxd5 Qxd5 20. Rxe7 Bxd3 21. Bf4 Rae8 22. Re1 h6 23. Qg4 Bg6 1/2-1/2

[Event "Olympiad Women-44"]
[Site "Chennai"]
[Date "2022.08.08"]
[Round "10.2"]
[White "Baginskaite, Camilla"]
[Black "Urh, Zala"]
[Result "1-0"]
[WhiteElo "2134"]
[BlackElo "2321"]
[PlyCount "97"]
[EventDate "2022.07.29"]
[EventType "team-swiss"]
[EventRounds "11"]
[EventCountry "IND"]
[SourceTitle "CBM 210"]
[Source "ChessBase"]
[SourceDate "2022.10.31"]
[SourceVersion "1"]
[SourceVersionDate "2022.10.31"]
[SourceQuality "1"]
[WhiteTeam "Lithuania (W)"]
[BlackTeam "Slovenia (W)"]
[WhiteTeamCountry "LTU"]
[BlackTeamCountry "SLO"]

1. d4 Nf6 2. Nf3 g6 3. c4 Bg7 4. g3 d5 5. cxd5 Nxd5 6. Bg2 Nb6 7. Nc3 Nc6 8. e3 0-0 9. 0-0 Re8 10. Re1 a5 11. d5 Nb4 12. e4 c6 13. a3 Na6 14. dxc6 bxc6 15. Qc2 Rb8 16. Bf4 e5 17. Rad1 Qc7 18. Be3 Bf8 19. Nb1 Nd7 20. Nbd2 Ndc5 21. Rc1 Bd7 22. Bf1 Rb7 23. Bc4 Kg7 24. Rb1 f6 25. Rec1 Ra8 26. Qd1 Be8 27. h4 h5 28. Qe2 a4 29. Rc2 Qb8 30. Nh2 Bd7 31. Kg2 Qc8 32. Rbc1 Nc7 33. f4 exf4 34. gxf4 Qe8 35. Qf3 Ra5 36. Bd4 Qd8 37. Bc3 Ra8 38. f5 Be8 39. e5 Be7 40. Rf1 Nd5 41. Bxd5 cxd5 42. exf6+ Bxf6 43. Bxf6+ Qxf6 44. Rxc5 Qxh4 45. Qxd5 Raa7 46. Qe5+ Kh7 47. Qxe8 gxf5 48. Rcxf5 Rg7+ 49. Kh1 1-0

[Event "Olympiad Women-44"]
[Site "Chennai"]
[Date "2022.07.31"]
[Round "3.1"]
[White "Baginskaite, Camilla"]
[Black "Murad, Fatema Alzahraa"]
[Result "1-0"]
[WhiteElo "2134"]
[BlackElo "1791"]
[PlyCount "49"]
[EventDate "2022.07.29"]
[EventType "team-swiss"]
[EventRounds "11"]
[EventCountry "IND"]
[SourceTitle "CBM 210"]
[Source "ChessBase"]
[SourceDate "2022.10.31"]
[SourceVersion "1"]
[SourceVersionDate "2022.10.31"]
[SourceQuality "1"]
[WhiteTeam "Lithuania (W)"]
[BlackTeam "Syria (W)"]
[WhiteTeamCountry "LTU"]
[BlackTeamCountry "SYR"]

1. d4 d5 2. c4 e6 3. Nc3 Nf6 4. cxd5 exd5 5. Bg5 c6 6. e3 Be7 7. Bd3 Ne4 8. Bxe7 Qxe7 9. Bxe4 dxe4 10. Nge2 Nd7 11. Ng3 Nf6 12. Qc2 0-0 13. Ngxe4 Re8 14. Nxf6+ Qxf6 15. 0-0 Qg5 16. e4 Be6 17. f4 Qa5 18. f5 Bc4 19. Rfe1 Rad8 20. b3 Ba6 21. Rad1 Rd7 22. e5 Qd8 23. Qf2 b6 24. f6 gxf6 25. Ne4 1-0

[Event "Panevezys op-A"]
[Site "Panevezys"]
[Date "2022.06.25"]
[Round "1"]
[White "Baginskaite, Camilla"]
[Black "Pidluznij, Gleb"]
[Result "1/2-1/2"]
[WhiteElo "2134"]
[BlackElo "2030"]
[PlyCount "54"]
[EventDate "2022.06.25"]
[EventType "swiss"]
[EventRounds "9"]
[EventCountry "LTU"]
[SourceTitle "CBM 209 Extra"]
[Source "ChessBase"]
[SourceDate "2022.09.30"]
[SourceVersion "1"]
[SourceVersionDate "2022.09.30"]
[SourceQuality "1"]

1. d4 Nf6 2. c4 c5 3. d5 b5 4. cxb5 a6 5. bxa6 g6 6. Nc3 Bg7 7. e4 0-0 8. Nf3 Qa5 9. Bd2 Bxa6 10. Bxa6 Qxa6 11. Qe2 e6 12. Qxa6 Nxa6 13. 0-0 exd5 14. e5 Ne4 15. Nxd5 Nxd2 16. Nxd2 Bxe5 17. Nc4 Bd4 18. Rad1 Rfb8 19. a3 Bxb2 20. Ne7+ Kf8 21. Rxd7 Ke8 22. Rd2 Kxe7 23. Nxb2 Nc7 24. Rfd1 Nb5 25. Rc1 Rxa3 26. Rxc5 Ra1+ 27. Rd1 Rxd1+ 1/2-1/2

[Event "LTU-chT (Women)"]
[Site "Kaunas"]
[Date "2022.03.20"]
[Round "7.1"]
[White "Zaksaite, Salomeja"]
[Black "Baginskaite, Camilla"]
[Result "1/2-1/2"]
[WhiteElo "2261"]
[BlackElo "2127"]
[PlyCount "48"]
[EventDate "2022.03.11"]
[EventType "team-tourn"]
[EventRounds "7"]
[EventCountry "LTU"]
[SourceTitle "EXT 2023"]
[Source "ChessBase"]
[SourceDate "2022.10.05"]
[SourceVersion "1"]
[SourceVersionDate "2022.10.05"]
[SourceQuality "1"]
[WhiteTeam "Kaunas SBK (W)"]
[BlackTeam "Vilnius Tauras (W)"]
[WhiteTeamCountry "LTU"]
[BlackTeamCountry "LTU"]

1. e4 e6 2. Qe2 c5 3. g3 Nc6 4. Nf3 g6 5. Bg2 Bg7 6. 0-0 Nge7 7. d3 0-0 8. c3 e5 9. Nbd2 d5 10. exd5 Nxd5 11. Nc4 Re8 12. a4 h6 13. Nfd2 Be6 14. Nb3 b6 15. a5 Qc7 16. Qc2 Rab8 17. axb6 axb6 18. Re1 Bf8 19. Ne3 Qd7 20. f4 exf4 21. Nxd5 Bxd5 22. Bxf4 Rxe1+ 23. Rxe1 Rd8 24. Nc1 b5 1/2-1/2

[Event "Bialystok Zamenhof Memorial 41st"]
[Site "Bialystok"]
[Date "2022.??.??"]
[Round "5"]
[White "Baginskaite, Camilla"]
[Black "Luberanski, Jakub"]
[Result "0-1"]
[WhiteElo "2117"]
[BlackElo "2243"]
[PlyCount "58"]
[EventDate "2022.12.27"]
[EventType "swiss"]
[EventRounds "9"]
[EventCountry "POL"]
[SourceTitle "CBM 211 Extra"]
[Source "ChessBase"]
[SourceDate "2023.01.31"]
[SourceVersion "1"]
[SourceVersionDate "2023.01.31"]
[SourceQuality "1"]

1. d4 d5 2. c4 c6 3. cxd5 cxd5 4. Nc3 Nf6 5. Bf4 Nc6 6. e3 a6 7. Bd3 g6 8. h3 Bg7 9. Nf3 0-0 10. 0-0 Bf5 11. Bxf5 gxf5 12. Ne5 Rc8 13. Rc1 e6 14. Na4 Nxe5 15. Bxe5 Ne4 16. f3 Rxc1 17. Qxc1 Nd6 18. Bf4 Qe7 19. Qc5 Rd8 20. Nb6 Bf8 21. Rc1 Qh4 22. Qc7 Nb5 23. Qxb7 Nxd4 24. Qxa6 Bd6 25. Bxd6 Rxd6 26. Qc8+ Kg7 27. Qc3 Rc6 28. exd4 Rxc3 29. bxc3 Qf4 0-1

[Event "Bialystok Zamenhof Memorial 41st"]
[Site "Bialystok"]
[Date "2022.??.??"]
[Round "3"]
[White "Baginskaite, Camilla"]
[Black "Psyk, Radoslaw"]
[Result "1/2-1/2"]
[WhiteElo "2117"]
[BlackElo "2438"]
[PlyCount "113"]
[EventDate "2022.12.27"]
[EventType "swiss"]
[EventRounds "9"]
[EventCountry "POL"]
[SourceTitle "CBM 211 Extra"]
[Source "ChessBase"]
[SourceDate "2023.01.31"]
[SourceVersion "1"]
[SourceVersionDate "2023.01.31"]
[SourceQuality "1"]

1. d4 Nf6 2. Nf3 g6 3. c4 Bg7 4. g3 0-0 5. Bg2 c6 6. 0-0 d6 7. Nc3 Bf5 8. Qb3 Qc8 9. Re1 Bg4 10. Bf4 Nfd7 11. h3 Bxf3 12. exf3 e5 13. dxe5 dxe5 14. Be3 f5 15. f4 e4 16. f3 exf3 17. Bxf3 Na6 18. Rad1 Re8 19. c5+ Kh8 20. Qc4 Qc7 21. b4 Rad8 22. Bd4 Nf8 23. Rxe8 Rxe8 24. b5 Nb8 25. Bf2 Rd8 26. Rxd8 Qxd8 27. a4 Nfd7 28. Ne2 Qe7 29. Kg2 Nf6 30. Nc3 h6 31. g4 fxg4 32. hxg4 Nbd7 33. Qe2 Qf8 34. bxc6 bxc6 35. Qc4 Qe7 36. Qe2 Qf8 37. Qc4 g5 38. Bxc6 gxf4 39. Qxf4 Nxc5 40. Qf5 Nxg4 41. Qxg4 Bxc3 42. Qc4 Nxa4 43. Qxa4 Qg7+ 44. Kf1 a5 45. Bd5 Qg6 46. Qd7 Qd3+ 47. Kg2 Qg6+ 48. Bg3 Ba1 49. Bf7 Qe4+ 50. Kh2 Qe2+ 51. Kg1 Qe3+ 52. Bf2 Qg5+ 53. Kh1 h5 54. Qe8+ Kh7 55. Bxh5 Qd5+ 56. Kg1 Qg8+ 57. Qxg8+ 1/2-1/2

[Event "Bialystok Zamenhof Memorial 41st"]
[Site "Bialystok"]
[Date "2022.??.??"]
[Round "2"]
[White "Czernek, Tymon"]
[Black "Baginskaite, Camilla"]
[Result "1-0"]
[WhiteElo "2302"]
[BlackElo "2117"]
[PlyCount "81"]
[EventDate "2022.12.27"]
[EventType "swiss"]
[EventRounds "9"]
[EventCountry "POL"]
[SourceTitle "CBM 211 Extra"]
[Source "ChessBase"]
[SourceDate "2023.01.31"]
[SourceVersion "1"]
[SourceVersionDate "2023.01.31"]
[SourceQuality "1"]

1. e4 c5 2. Nf3 d6 3. d4 cxd4 4. Nxd4 Nf6 5. Nc3 a6 6. Be3 e5 7. Nb3 Be6 8. f4 exf4 9. Bxf4 Nc6 10. Qe2 Ne5 11. h3 Be7 12. 0-0-0 Qc7 13. g4 g6 14. Nd4 0-0-0 15. Qf2 Kb8 16. Kb1 Rc8 17. Be3 Nc4 18. Nxe6 fxe6 19. Bxc4 Qxc4 20. Rd4 Qc6 21. g5 Nh5 22. Rhd1 Rhf8 23. Qe2 Ng7 24. Rb4 d5 25. exd5 exd5 26. Bf4+ Bd6 27. Nxd5 Bxf4 28. Rxf4 Rxf4 29. Nxf4 Nf5 30. Nd5 Ka8 31. c4 b5 32. cxb5 axb5 33. a3 Rd8 34. Nc3 Rb8 35. Qe5 Ka7 36. Qf4 Re8 37. Qb4 Re5 38. Qa5+ Kb7 39. a4 Nd6 40. Qd8 Re6 41. axb5 1-0

[Event "Puhajarve Rapid op 21st"]
[Site "Puhajarve"]
[Date "2021.11.27"]
[Round "23"]
[White "Baginskaite, Camilla"]
[Black "Valgmae, Toomas"]
[Result "0-1"]
[WhiteElo "2100"]
[BlackElo "2270"]
[PlyCount "106"]
[EventDate "2021.11.26"]
[EventType "tourn (rapid)"]
[EventRounds "37"]
[EventCountry "EST"]
[SourceTitle "CBM 205 Extra"]
[Source "ChessBase"]
[SourceDate "2022.01.31"]
[SourceVersion "1"]
[SourceVersionDate "2022.01.31"]
[SourceQuality "1"]

1. d4 d5 2. c4 c6 3. cxd5 cxd5 4. Nc3 Nc6 5. Bf4 Nf6 6. e3 Bf5 7. Qb3 Na5 8. Qa4+ Bd7 9. Qc2 Rc8 10. Bd3 e6 11. h3 Be7 12. Nf3 0-0 13. 0-0 Nc4 14. Rfc1 b5 15. a3 a5 16. Qe2 a4 17. Na2 Qa5 18. Ne5 Rfd8 19. Nxd7 Rxd7 20. Rab1 Rdd8 21. f3 Rc6 22. Bg3 Rdc8 23. Be1 Qc7 24. Bb4 Nh5 25. Bxe7 Qxe7 26. Nb4 R6c7 27. Rc3 g6 28. Rbc1 f5 29. Na6 Rc6 30. Nb4 R6c7 31. g4 Nf6 32. Kg2 Qd6 33. g5 Ne8 34. f4 Qb6 35. h4 h5 36. gxh6 Kh7 37. h5 gxh5 38. Qxh5 Nf6 39. Bxf5+ exf5 40. Qxf5+ Kh8 41. Nxd5 Rg8+ 42. Kf2 Nxd5 43. Qxd5 Re7 44. Rh1 Qg6 45. Qf3 Kh7 46. f5 Qf6 47. Rd3 Nd6 48. Rh5 Ne4+ 49. Kf1 Ng3+ 50. Kf2 Nxh5 51. Qxh5 Rg5 52. Qh2 Rxf5+ 53. Ke2 Rf7 0-1

[Event "Puhajarve Rapid op 21st"]
[Site "Puhajarve"]
[Date "2021.11.27"]
[Round "12"]
[White "Fridman, Daniel"]
[Black "Baginskaite, Camilla"]
[Result "1-0"]
[WhiteElo "2626"]
[BlackElo "2100"]
[PlyCount "94"]
[EventDate "2021.11.26"]
[EventType "tourn (rapid)"]
[EventRounds "37"]
[EventCountry "EST"]
[SourceTitle "CBM 205 Extra"]
[Source "ChessBase"]
[SourceDate "2022.01.31"]
[SourceVersion "1"]
[SourceVersionDate "2022.01.31"]
[SourceQuality "1"]

1. d4 Nf6 2. c4 e6 3. Nc3 Bb4 4. Qc2 0-0 5. e4 c5 6. e5 cxd4 7. a3 Qa5 8. axb4 Qxa1 9. exf6 dxc3 10. fxg7 Kxg7 11. Qxc3+ f6 12. Bd3 Nc6 13. Ne2 Qa4 14. b5 Ne5 15. 0-0 Nxd3 16. Qxd3 Qb4 17. b3 b6 18. Qg3+ Kf7 19. Qf3 Rb8 20. Qh3 Qe7 21. Qxh7+ Ke8 22. Qg6+ Qf7 23. Qg3 e5 24. Ba3 Rg8 25. Qd3 Bb7 26. Ng3 d5 27. Re1 dxc4 28. bxc4 Rd8 29. Qc3 Rc8 30. c5 bxc5 31. Bxc5 Qd5 32. Ne4 Rxc5 33. Qxc5 Rxg2+ 34. Kf1 Qd3+ 35. Kxg2 Bxe4+ 36. Kg1 Qf3 37. Rxe4 Qxe4 38. h3 Qe1+ 39. Kh2 Qa1 40. Kg3 Qa2 41. Qc6+ Kf7 42. Kg4 Kg6 43. Qe4+ Kh6 44. Kf5 Qxf2+ 45. Ke6 Kg5 46. Qg4+ Kh6 47. Kf7 Qc2 1-0

[Event "Puhajarve Rapid op 21st"]
[Site "Puhajarve"]
[Date "2021.11.27"]
[Round "29"]
[White "Pultinevicius, Paulius"]
[Black "Baginskaite, Camilla"]
[Result "1-0"]
[WhiteElo "2546"]
[BlackElo "2100"]
[PlyCount "53"]
[EventDate "2021.11.26"]
[EventType "tourn (rapid)"]
[EventRounds "37"]
[EventCountry "EST"]
[SourceTitle "CBM 205 Extra"]
[Source "ChessBase"]
[SourceDate "2022.01.31"]
[SourceVersion "1"]
[SourceVersionDate "2022.01.31"]
[SourceQuality "1"]

1. d4 Nf6 2. c4 e6 3. Nc3 Bb4 4. f3 c5 5. d5 b5 6. e4 bxc4 7. Bxc4 Bb7 8. Nge2 exd5 9. exd5 d6 10. 0-0 Bxc3 11. bxc3 0-0 12. Rb1 Qc7 13. Bg5 Nbd7 14. Kh1 h6 15. Bh4 Ne5 16. Bb3 Nfd7 17. c4 Rae8 18. Nc3 a6 19. f4 Ng6 20. Bg3 f5 21. Bc2 Bc8 22. Qh5 Ne7 23. Bh4 Nb6 24. Bd3 Kh7 25. Rbe1 g6 26. Qf3 Bd7 27. Rxe7+ 1-0

[Event "Puhajarve Rapid op 21st"]
[Site "Puhajarve"]
[Date "2021.11.26"]
[Round "2"]
[White "Kulaots, Kaido"]
[Black "Baginskaite, Camilla"]
[Result "0-1"]
[WhiteElo "2518"]
[BlackElo "2100"]
[PlyCount "120"]
[EventDate "2021.11.26"]
[EventType "tourn (rapid)"]
[EventRounds "37"]
[EventCountry "EST"]
[SourceTitle "CBM 205 Extra"]
[Source "ChessBase"]
[SourceDate "2022.01.31"]
[SourceVersion "1"]
[SourceVersionDate "2022.01.31"]
[SourceQuality "1"]

1. e4 c5 2. Nf3 d6 3. d4 cxd4 4. Nxd4 Nf6 5. Nc3 a6 6. h3 e5 7. Nde2 h5 8. Bg5 Be7 9. Bxf6 Bxf6 10. Nd5 Bg5 11. h4 Bh6 12. Nec3 Be6 13. Bc4 b5 14. Bb3 Nc6 15. a4 b4 16. Ne2 Rb8 17. Qd3 a5 18. Qa6 Ne7 19. Nxe7 Kxe7 20. Bxe6 fxe6 21. 0-0 Qb6 22. Qd3 Rhf8 23. Rad1 Rbc8 24. Nc1 Rf6 25. Nb3 g6 26. Nd2 Qc5 27. Nf3 Rc6 28. c3 bxc3 29. bxc3 Qxc3 30. Qb5 Qc5 31. Qb3 Rb6 32. Qd3 Rf8 33. Rb1 Rfb8 34. Rxb6 Rxb6 35. Ng5 Rb8 36. Qf3 Rf8 37. Qb3 Bxg5 38. hxg5 Kf7 39. Qb7+ Kg8 40. Qe7 Rf7 41. Qxe6 Kg7 42. Qa2 Qd4 43. Qc2 h4 44. Rb1 d5 45. exd5 Qxd5 46. Rb6 e4 47. Qc3+ Kh7 48. Qe3 Qd1+ 49. Kh2 Qxa4 50. Rb8 Qc6 51. Rb6 Qc7+ 52. Kg1 Rd7 53. g3 hxg3 54. fxg3 Rd1+ 55. Kg2 Qc2+ 56. Kh3 Rh1+ 57. Kg4 Qd1+ 58. Kf4 Rf1+ 59. Ke5 Rf5+ 60. Ke6 Qd5+ 0-1

[Event "EU-chT (Women) 23rd"]
[Site "Terme Catez"]
[Date "2021.11.21"]
[Round "9.2"]
[White "Baginskaite, Camilla"]
[Black "Heinemann, Josefine"]
[Result "0-1"]
[WhiteElo "2100"]
[BlackElo "2336"]
[PlyCount "54"]
[EventDate "2021.11.12"]
[EventType "team-swiss"]
[EventRounds "9"]
[EventCountry "SLO"]
[SourceTitle "CBM 205"]
[Source "ChessBase"]
[SourceDate "2021.12.31"]
[SourceVersion "1"]
[SourceVersionDate "2021.12.31"]
[SourceQuality "1"]
[WhiteTeam "Lithuania (W)"]
[BlackTeam "Germany (W)"]
[WhiteTeamCountry "LTU"]
[BlackTeamCountry "GER"]

1. d4 Nf6 2. Nf3 d5 3. c4 e6 4. Nc3 c5 5. cxd5 cxd4 6. Nxd4 Nxd5 7. Ndb5 a6 8. e4 Nb4 9. Qxd8+ Kxd8 10. Na3 Bc5 11. Bg5+ f6 12. 0-0-0+ Ke7 13. Bh4 N8c6 14. Nc4 b5 15. a3 bxc4 16. axb4 Bxb4 17. Bxc4 Ne5 18. Ba2 Bb7 19. f3 Rac8 20. Be1 a5 21. Kc2 Ba6 22. h3 Rc7 23. Kb1 Rb8 24. Kc2 a4 25. Rc1 Bd3+ 26. Kd1 Rd7 27. Bd2 Bxc3 0-1

[Event "EU-chT (Women) 23rd"]
[Site "Terme Catez"]
[Date "2021.11.14"]
[Round "3.11"]
[White "Agrest, Inna"]
[Black "Baginskaite, Camilla"]
[Result "1-0"]
[WhiteElo "2258"]
[BlackElo "2100"]
[PlyCount "91"]
[EventDate "2021.11.12"]
[EventType "team-swiss"]
[EventRounds "9"]
[EventCountry "SLO"]
[SourceTitle "CBM 205"]
[Source "ChessBase"]
[SourceDate "2021.12.31"]
[SourceVersion "1"]
[SourceVersionDate "2021.12.31"]
[SourceQuality "1"]
[WhiteTeam "Sweden (W)"]
[BlackTeam "Lithuania (W)"]
[WhiteTeamCountry "SWE"]
[BlackTeamCountry "LTU"]

1. e4 c5 2. Nf3 d6 3. d4 cxd4 4. Nxd4 Nf6 5. Nc3 a6 6. Bg5 e6 7. f4 Be7 8. Qf3 Qc7 9. 0-0-0 Nbd7 10. g4 b5 11. Bxf6 Nxf6 12. g5 Nd7 13. f5 0-0 14. Rg1 b4 15. Nce2 e5 16. f6 exd4 17. fxe7 Re8 18. Nxd4 Ne5 19. Qh5 Rxe7 20. Rg3 Ng6 21. Bd3 d5 22. Nf5 Bxf5 23. exf5 Nf4 24. Qf3 Rc8 25. Rg4 Nxd3+ 26. Qxd3 Re3 27. Qd2 Re4 28. Rg2 Rc4 29. Kb1 a5 30. g6 hxg6 31. fxg6 fxg6 32. Qxd5+ Qf7 33. b3 R4c6 34. Qxa5 Qf5 35. Qxf5 gxf5 36. Rd7 g6 37. Rb7 f4 38. Rxb4 Rf8 39. Rf2 g5 40. h4 gxh4 41. Rbxf4 Rxf4 42. Rxf4 Rh6 43. a4 h3 44. Rf1 h2 45. Rh1 Kf7 46. a5 1-0

[Event "LTU-ch (Women)"]
[Site "Vilnius"]
[Date "2020.11.22"]
[Round "3"]
[White "Baginskaite, Camilla"]
[Black "Ravlusevic, Evelina"]
[Result "1-0"]
[WhiteElo "2141"]
[BlackElo "1581"]
[PlyCount "63"]
[EventDate "2020.11.20"]
[EventType "swiss"]
[EventRounds "6"]
[EventCountry "LTU"]
[SourceTitle "CBM 199 Extra"]
[Source "ChessBase"]
[SourceDate "2021.01.31"]
[SourceVersion "1"]
[SourceVersionDate "2021.01.31"]
[SourceQuality "1"]

1. d4 d5 2. c4 c6 3. Nf3 Nf6 4. e3 e6 5. Bd3 Nbd7 6. 0-0 Be7 7. Nc3 dxc4 8. Bxc4 b5 9. Bd3 a6 10. e4 c5 11. d5 e5 12. a4 b4 13. Nb1 0-0 14. Nbd2 Ne8 15. Nc4 Qc7 16. a5 f6 17. Be3 Nd6 18. Nxd6 Bxd6 19. Nd2 Qd8 20. Nc4 Qe7 21. Qh5 Rd8 22. g3 Nf8 23. f4 exf4 24. gxf4 Bc7 25. Rad1 Bb7 26. d6 Bxd6 27. Nxd6 Rxd6 28. Bxc5 Kh8 29. e5 Qc7 30. Bxd6 Qc6 31. Rd2 Qh1+ 32. Kf2 1-0

[Event "LTU-chT (Women)"]
[Site "Vilnius"]
[Date "2019.04.28"]
[Round "3.1"]
[White "Baginskaite, Camilla"]
[Black "Urbanaviciute, Danute"]
[Result "1-0"]
[WhiteElo "2136"]
[BlackElo "1730"]
[PlyCount "49"]
[EventDate "2019.03.30"]
[EventType "team-tourn"]
[EventRounds "3"]
[EventCountry "LTU"]
[SourceTitle "EXT 2020"]
[Source "ChessBase"]
[SourceDate "2019.10.17"]
[SourceVersion "1"]
[SourceVersionDate "2019.10.17"]
[SourceQuality "1"]

1. d4 Nf6 2. c4 e6 3. Nf3 b6 4. g3 Bb7 5. Bg2 d5 6. cxd5 Nxd5 7. 0-0 Nd7 8. Bg5 f6 9. Bd2 Bd6 10. e4 Ne7 11. e5 fxe5 12. Ng5 Nd5 13. Nxe6 Qf6 14. Qg4 g6 15. Bh6 Rg8 16. Nc3 c6 17. Ne4 Qe7 18. Bg5 N5f6 19. Nxf6+ Nxf6 20. Bxf6 Qxf6 21. dxe5 Bxe5 22. Rfe1 Kf7 23. Ng5+ Ke7 24. f4 Bc8 25. Qd1 1-0